00755nam a2200181Ia 4500008004100000020001500041041001200056082001600068100001600084245005400100260003900154300000800193650001900201942000700220999001500227952016100242952017000403221030s9999 xx 000 0 und d a8173191891 aEnglish a105.23bDos aJ. B. Doshi 0aAnalytical Methods in Engineeringcby J. B. Doshi bNarosa Pub. HouseaNew Delhic1998 a271 aBE Mathematics cBK c1417d1417 pBE 5106g175.00l0o105.23 Dosr2024-06-13 00:00:00w2022-10-30yBK003Print4071aMIETLIBbMIETLIBcBL-Second, FL-1, CUP-17, SH-1, R-1d2002-05-2410HBE pBE 5107g175.00l0o105.23 Dosr2024-06-13 00:00:00w2022-10-30yBK003Print4070aMIETLIBbMIETLIBcBL-Academic Block C, FL-2, CUP-6, SH-5, R-5d2002-05-2410HBE